LEADER 03173oam 2200517 c 450 001 996308794803316 005 20220221094418.0 010 $a3-8394-0013-9 024 7 $a10.14361/9783839400135 035 $a(CKB)3710000000482505 035 $a(OAPEN)1006751 035 $a(DE-B1597)461345 035 $a(OCoLC)1013941756 035 $a(OCoLC)953523462 035 $a(DE-B1597)9783839400135 035 $a(transcript Verlag)9783839400135 035 $a(EXLCZ)993710000000482505 100 $a20220221d2015 uy 0 101 0 $ager 135 $auuuuu---auuuu 181 $ctxt$2rdacontent 182 $cc$2rdamedia 183 $acr$2rdacarrier 200 10$aWeltgesellschaft$fTheresa Wobbe 205 $a1st ed. 210 $aBielefeld$ctranscript Verlag$d2015 215 $a1 online resource (100) 225 0 $aEinsichten. Themen der Soziologie 311 $a3-933127-13-0 327 $aFrontmatter 1 Inhalt 3 Einleitung 5 Konzepte der Weltgesellschaft 9 Aus der Werkstatt weltgesellschaftlicher Analysen 55 Weltgesellschaft: Eine Forschungsperspektive fu?r die Soziologie 74 Anmerkungen 79 Literatur 81 Backmatter 98 330 $aWeltgesellschaft, Weltsysteme, internationales System und Globalisierung - diese Begriffe pra?gen gegenwa?rtige Analysen, ohne immer pra?zise voneinander abgegrenzt zu sein. Im Anschluss an die Auseinandersetzung mit der Begrifflichkeit bietet der vorliegende Band eine Einfu?hrung in die Konzepte der Weltgesellschaft von Peter Heintz, Niklas Luhmann und John Meyer. Diese zeichnen sich vor allem dadurch aus, dass Unterschiede in der Weltgesellschaft als interne Differenzierungen des weltgesellschaftlichen Systems verstanden werden. Abschließend werden Differenzierungsprozesse in Politik und Recht dargestellt, die den Wandel des globalen Erwartungshorizonts in der Weltgesellschaft dokumentieren. 330 1 $a»Auf die theoretische wie empirische Bedeutung des Konzepts der Weltgesellschaft fu?r die Soziologie aufmerksam gemacht zu haben, ist das Verdienst von Wobbes gelungenem Einfu?hrungsbuch.« Matthias Ko?nig, Berliner Debatte 12 (2001) »An Wobbes klar geschriebener und bisweilen unterhaltsamer Einfu?hrung gefa?llt besonders, dass sie genau sagt, was die unterschiedlichen Theorien eint. Damit scha?rft sie die Kontur des schillernden Begriffes der Weltgesellschaft.« Thorsten Bonacker, Soziologische Revue, Jg. 24 (2001) 606 $aWeltgesellschaft; Globalisierung; Gesellschaft; Soziologische Theorie; Soziologie; Einfu?hrung; Globalization; Society; Sociological Theory; Sociology; Introduction; 610 $aIntroduction. 610 $aSociety. 610 $aSociological Theory. 610 $aSociology. 615 4$aWeltgesellschaft; Globalisierung; Gesellschaft; Soziologische Theorie; Soziologie; Einfu?hrung; Globalization; Society; Sociological Theory; Sociology; Introduction; 686 $aMS 1190$2rvk 700 $aWobbe$b Theresa$4aut$0918786 801 0$bDE-B1597 801 1$bDE-B1597 906 $aBOOK 912 $a996308794803316 996 $aWeltgesellschaft$92060396 997 $aUNISA LEADER 01096oam 2200325z- 450 001 9910138037603321 005 20200407152519.0 035 $a(CKB)3280000000012089 035 $a(EXLCZ)993280000000012089 100 $a20180916c2003uuuu -u- - 101 0 $aita 200 10$aDentro la storia $eorientamenti di metodologia e didattica /$fGiovanni Greco, Davide Monda ; con contributi di Francesco Bianchini ... [et al.] ; e con un saggio di Roberto Roversi 210 $aNapoli $cLiguori$d2003 311 $a88-207-3647-0 311 $a88-207-5004-X 517 $aDentro la storia 606 $aHistory$xMethodology 606 $aHistory$xStudy and teaching 606 $aSocial history$xStudy and teaching 615 0$aHistory$xMethodology. 615 0$aHistory$xStudy and teaching. 615 0$aSocial history$xStudy and teaching. 676 $a907/.1 700 $aGreco$b Giovanni$0426865 701 $aMonda$b Davide$0329831 701 $aRoversi$b Roberto$072980 906 $aBOOK 912 $a9910138037603321 996 $aDentro la storia$92432747 997 $aUNINA